Biodiversidad (Registro nro. 1732)

Detalles MARC
000 -CABECERA
Campo de control 01114nam a2200325 a 4500
005 - FECHA Y HORA DE LA ULTIMA TRANSACCION
Campo de control 20200104041524.0
008 - ELEMENTOS DE LONGITUD FIJA—INFORMACION GENERAL
Campo de control 140121b1999 ck ||||| |||| 00| 0 spa d
040 ## - FUENTE DE CATALOGACIÓN
Agencia transcriptora CO-BoIH
041 ## - IDIOMA
Código de idioma para texto/pista de sonido o título separado Español
044 ## - PAÍS DE PUBLICACIÓN
País de publicación Colombia
090 ## - CLASIFICACIÓN LOCAL
Colección IAvH
Consecutivo 00101
110 ## - ASIENTO PRINCIPAL--NOMBRE CORPORATIVO
Unidad subordinad Instituto de Investigación de Recursos Biológicos Alexander von Humboldt. Programa de Política y Legislación
245 ## - MENCION DE TITULO
Título Biodiversidad
Parte restante del título análisis de vigencia y de competencias para Colombia
260 ## - PUBLICACION, DISTRIBUCION, ETC. (PIE DE IMPRENTA)
Lugar de publicación, distribución, etc. Bogotá
Nombre del editor, distribuidor, etc. Instituto Alexander von Humboldt
Fecha de publicación, distribución, etc. 1999
300 ## - DESCRIPCION FISICA
Extensión 7 vol.
650 ## - ASIENTO SECUNDARIO DE MATERIA - TERMINO TEMATICO
Término temático o nombre geográfico como elemento de entrada Recuperación de biodiversidad
650 ## - ASIENTO SECUNDARIO DE MATERIA - TERMINO TEMATICO
Término temático o nombre geográfico como elemento de entrada Restauración de biodiversidad
650 ## - ASIENTO SECUNDARIO DE MATERIA - TERMINO TEMATICO
Término temático o nombre geográfico como elemento de entrada Biodiversidad
650 ## - ASIENTO SECUNDARIO DE MATERIA - TERMINO TEMATICO
Término temático o nombre geográfico como elemento de entrada Recuperación ambiental
650 ## - ASIENTO SECUNDARIO DE MATERIA - TERMINO TEMATICO
Término temático o nombre geográfico como elemento de entrada Especies introducidas
650 ## - ASIENTO SECUNDARIO DE MATERIA - TERMINO TEMATICO
Término temático o nombre geográfico como elemento de entrada Restauración ecológica
650 ## - ASIENTO SECUNDARIO DE MATERIA - TERMINO TEMATICO
Término temático o nombre geográfico como elemento de entrada Reforestación
650 ## - ASIENTO SECUNDARIO DE MATERIA - TERMINO TEMATICO
Término temático o nombre geográfico como elemento de entrada Restauración de poblaciones
650 ## - ASIENTO SECUNDARIO DE MATERIA - TERMINO TEMATICO
Término temático o nombre geográfico como elemento de entrada Fauna silvestre
650 ## - ASIENTO SECUNDARIO DE MATERIA - TERMINO TEMATICO
Término temático o nombre geográfico como elemento de entrada Flora silvestre
650 ## - ASIENTO SECUNDARIO DE MATERIA - TERMINO TEMATICO
Término temático o nombre geográfico como elemento de entrada Suelos
650 ## - ASIENTO SECUNDARIO DE MATERIA - TERMINO TEMATICO
Término temático o nombre geográfico como elemento de entrada Areas protegidas
650 ## - ASIENTO SECUNDARIO DE MATERIA - TERMINO TEMATICO
Término temático o nombre geográfico como elemento de entrada Recursos pesqueros
942 ## - ELEMENTOS ADICIONALES (KOHA)
Tipo de ítem Informe Técnico
Sistema de clasificación Local
Existencias
Withdrawn status Lost status Sistema de Clasificación Damaged status No para préstamo Colección Ubicación Permanente Ubicación actual Fecha de adquisición Fuente de Valor Total Checkouts Número topográfico Inventario / Código de Barras Date last seen Ejemplar Price effective from Forma de adquisición Tipo de material Public note
    Local     Humboldt Villa de Leyva Villa de Leyva 05/12/1999 Didier, Gisele   IAvH-00101 004214 09/08/2024 V. 1 04/12/2012   Informe Técnico  
    Local     Humboldt Villa de Leyva Villa de Leyva 05/12/1999 Didier, Gisele   IAvH-00101 004215 04/12/2012 V.1 Anexo 04/12/2012   Medio Magnético Areas protegidas
    Local     Humboldt Villa de Leyva Villa de Leyva 05/12/1999 Didier, Gisele   IAvH-00101 004216 09/08/2024 V. 3 04/12/2012   Informe Técnico  
    Local     Humboldt Villa de Leyva Villa de Leyva 05/12/1999 Didier, Gisele   IAvH-00101 004217 04/12/2012 V. 3 Anexo 04/12/2012   Medio Magnético Recursos genéticos
    Local     Humboldt Villa de Leyva Villa de Leyva 05/12/1999 Didier, Gisele   IAvH-00101 004218 09/08/2024 V. 4 04/12/2012   Informe Técnico  
    Local     Humboldt Villa de Leyva Villa de Leyva 05/12/1999 Didier, Gisele   IAvH-00101 004219 04/12/2012 V. 4 Anexo 04/12/2012   Medio Magnético Uso de los recursos naturales renovables
    Local     Humboldt Villa de Leyva Villa de Leyva 05/12/1999 Didier, Gisele   IAvH-00101 004220 09/08/2024 V. 5 04/12/2012   Informe Técnico  
    Local     Humboldt Villa de Leyva Villa de Leyva 05/12/1999 Didier, Gisele   IAvH-00101 004221 04/12/2012 V. 5 Anexo 04/12/2012   Medio Magnético Bioseguridad
    Local     Humboldt Villa de Leyva Villa de Leyva 05/12/1999 Didier, Gisele   IAvH-00101 004222 09/08/2024 V. 6 04/12/2012   Informe Técnico  
    Local     Humboldt Villa de Leyva Villa de Leyva 05/12/1999 Didier, Gisele   IAvH-00101 004223 04/12/2012 V. 6 Anexo 04/12/2012   Medio Magnético Medidas de restauración y recuperación de la biodiversidad
    Local     Humboldt Villa de Leyva Villa de Leyva 05/12/1999 Didier, Gisele   IAvH-00101 004224 09/08/2024 V. 7 04/12/2012   Informe Técnico  
    Local     Humboldt Villa de Leyva Villa de Leyva 05/12/1999 Didier, Gisele   IAvH-00101 004225 04/12/2012 V. 7 Anexo 04/12/2012   Medio Magnético Comunidades indígenas, negras y locales